Brackish Water Mangrove Ecosystems - productivity and sustainable utilization, February 29 - March 1, 2000, Tsukuba, Japan

Bibliographic Details
Corporate Authors: INTERNATIONAL Workshop on Brackish Water Mangrove Ecosystems - productivity and sustainable utilization, Japan International Research Center for Agricultural Sciences (JIRCAS)
Format: Book
Published: Tokyo : JIRCAS , 2000
Subjects:

MARC

LEADER 00000cam a2200000 7i4500
001 0000001657
005 20011001.0
090 0 0 |a 577.698   |b INT 2000 
110 1 0 |a INTERNATIONAL Workshop on Brackish Water Mangrove Ecosystems - productivity and sustainable utilization   |k 2000   |j Japan 
245 1 0 |a Brackish Water Mangrove Ecosystems - productivity and sustainable utilization, February 29 - March 1, 2000, Tsukuba, Japan 
260 0 0 |a Tokyo :   |b JIRCAS ,   |c 2000 
300 |a 166 p. :   |b ill., maps ;   |c 30 cm. 
500 0 0 |a Includes bibliographical references 
650 0 0 |a Mangrove ecology 
650 0 0 |a Mangrove swamps   |x Management 
650 0 0 |a Mangrove   |x Utilization 
710 1 1 |a Japan International Research Center for Agricultural Sciences (JIRCAS) 
998 |a JPSM 
999 |a 0000002936   |b Monograph   |c Open Shelf   |e Default branch